Organisation and operation of national TSR schemes (Record no. 34300)

MARC details
000 -LEADER
fixed length control field 00297nam a2200109Ia 4500
082 ## - DEWEY DECIMAL CLASSIFICATION NUMBER
Classification number 678.4:678.029.98
Item number NAI
100 ## - MAIN ENTRY--AUTHOR NAME
Personal name Nair, S
245 #0 - TITLE STATEMENT
Title Organisation and operation of national TSR schemes
260 ## - PUBLICATION, DISTRIBUTION, ETC. (IMPRINT)
Place of publication Kuala Lumpur
Name of publisher RRIM
Year of publication 1978
942 ## - ADDED ENTRY ELEMENTS (KOHA)
Koha item type Books
Holdings
Withdrawn status Lost status Damaged status Not for loan Home library Current library Date acquired Full call number Accession Number Koha item type
        RRII Library RRII Library 16/12/2021 678.4:678.029.98 NAI 14739 Books